000 01061cam a22003015a 4500
999 _c27030
_d27002
001 20033606
005 20181210095613.0
008 170925t2018 maua fr 001 0 eng d
010 _a 2017956182
020 _a9780134181028 (hardcover : alk. paper)
020 _a0134181026 (hardcover : alk. paper)
040 _aDLC
_beng
_cDLC
_dEG-ScBUE
082 0 4 _a660.2842
_bGEA
_222
100 1 _aGeankoplis, Christie J.
_929422
245 1 0 _aTransport processes and separation process principles /
_cChristie John Geankoplis, A. Allen Hersel, Daniel H. Lepek.
250 _a5th ed.
260 _aBoston :
_bPrentice Hall / Pearson Education,
_cc.2018.
300 _axxxi, 1201 p. :
_bill. ;
_c24 cm.
490 0 _aPrentice-Hall international series in the physical and chemical engineering sciences
500 _aIncludes indexes.
650 7 _aTransport theory.
_2BUEsh
650 7 _aMomentum transfer.
_2BUEsh
_96618
651 _2BUEsh
653 _bENGGEN
_cDecember2018
700 1 _aHersel, A. Allen.
700 1 _aLepek, Daniel H.
942 _2ddc